<?xml version="1.0" encoding="UTF-8"?>
<record
    xmlns:xsi="http://www.w3.org/2001/XMLSchema-instance"
    xsi:schemaLocation="http://www.loc.gov/MARC21/slim http://www.loc.gov/standards/marcxml/schema/MARC21slim.xsd"
    xmlns="http://www.loc.gov/MARC21/slim">

  <leader>01071nam a2200277 a 4500</leader>
  <controlfield tag="001"> 8194</controlfield>
  <controlfield tag="003">DO-SdBNP</controlfield>
  <controlfield tag="005">20170914140446.0</controlfield>
  <controlfield tag="007"> 8194</controlfield>
  <controlfield tag="008">110407s2001    sp       d    000 0 spa d</controlfield>
  <datafield tag="020" ind1=" " ind2=" ">
    <subfield code="a">9584204459 (obra completa)</subfield>
  </datafield>
  <datafield tag="040" ind1=" " ind2=" ">
    <subfield code="a">BPMSU</subfield>
    <subfield code="b">spa</subfield>
    <subfield code="c">BPMSU</subfield>
  </datafield>
  <datafield tag="049" ind1=" " ind2=" ">
    <subfield code="a"> </subfield>
  </datafield>
  <datafield tag="082" ind1=" " ind2="4">
    <subfield code="a">R 463</subfield>
    <subfield code="b">D545l, 2001 </subfield>
  </datafield>
  <datafield tag="110" ind1="2" ind2=" ">
    <subfield code="a">Real Academia Espa&#xF1;ola</subfield>
  </datafield>
  <datafield tag="245" ind1="1" ind2="0">
    <subfield code="a">Diccionario de la Lengua Espa&#xF1;ola </subfield>
  </datafield>
  <datafield tag="250" ind1=" " ind2=" ">
    <subfield code="a">22&#xAA;. ed.</subfield>
  </datafield>
  <datafield tag="260" ind1=" " ind2=" ">
    <subfield code="a">Madrid :</subfield>
    <subfield code="b">Real Academia Espa&#xF1;ola,</subfield>
    <subfield code="c">2001.</subfield>
  </datafield>
  <datafield tag="300" ind1=" " ind2=" ">
    <subfield code="a">10 v. ;</subfield>
    <subfield code="c">31 cm.</subfield>
  </datafield>
  <datafield tag="505" ind1=" " ind2=" ">
    <subfield code="g"> v. 1 : </subfield>
    <subfield code="t">a - Apelaci&#xF3;n -- </subfield>
    <subfield code="g">v. 2 : </subfield>
    <subfield code="t">Apelado, canjura --</subfield>
    <subfield code="g">v. 3 : </subfield>
    <subfield code="t">Conjura, coscarr&#xF3;n --</subfield>
    <subfield code="g">v. 4 : </subfield>
    <subfield code="t">Coscarse, engarutusar --</subfield>
    <subfield code="g">v. 5 : </subfield>
    <subfield code="t">Engarbado, grimorio --</subfield>
    <subfield code="g">v. 6 : </subfield>
    <subfield code="t">Grimoso, Lulo --</subfield>
    <subfield code="g">v. 7 : </subfield>
    <subfield code="t">Lul&#xFA;, ozon&#xF3;sfera -- </subfield>
    <subfield code="g">v. 8 : </subfield>
    <subfield code="t">P. quisco -- </subfield>
    <subfield code="g">v. 9 : </subfield>
    <subfield code="t">Quiscudo, tamborete --</subfield>
    <subfield code="g">v. 10 : </subfield>
    <subfield code="t">Tamboril, zuz&#xF3;n, apendice --</subfield>
  </datafield>
  <datafield tag="650" ind1=" " ind2="4">
    <subfield code="a">ESPA&#xD1;OL</subfield>
    <subfield code="x">DICCIONARIOS</subfield>
  </datafield>
  <datafield tag="650" ind1=" " ind2="4">
    <subfield code="a">ESPA&#xD1;OL</subfield>
    <subfield code="x">ETIMOLOG&#xCD;A</subfield>
    <subfield code="x">DICCIONARIOS</subfield>
  </datafield>
  <datafield tag="942" ind1=" " ind2=" ">
    <subfield code="2">ddc</subfield>
    <subfield code="c">BK</subfield>
  </datafield>
  <datafield tag="945" ind1=" " ind2=" ">
    <subfield code="a">Inventariado / 2017 VM</subfield>
  </datafield>
  <datafield tag="952" ind1=" " ind2=" ">
    <subfield code="0">0</subfield>
    <subfield code="1">0</subfield>
    <subfield code="2">ddc</subfield>
    <subfield code="4">0</subfield>
    <subfield code="7">0</subfield>
    <subfield code="8">CR-G</subfield>
    <subfield code="a">BPMET</subfield>
    <subfield code="b">BPMET</subfield>
    <subfield code="d">2016-06-06</subfield>
    <subfield code="e">Donado por Maritza B&#xE1;ez</subfield>
    <subfield code="l">0</subfield>
    <subfield code="o">R 463 D545l, 2001</subfield>
    <subfield code="p">BPMSU16060050</subfield>
    <subfield code="r">2016-06-06</subfield>
    <subfield code="t">v. 1</subfield>
    <subfield code="w">2016-06-06</subfield>
    <subfield code="y">BK</subfield>
  </datafield>
  <datafield tag="952" ind1=" " ind2=" ">
    <subfield code="0">0</subfield>
    <subfield code="1">0</subfield>
    <subfield code="2">ddc</subfield>
    <subfield code="4">0</subfield>
    <subfield code="7">0</subfield>
    <subfield code="8">CR-G</subfield>
    <subfield code="a">BPMET</subfield>
    <subfield code="b">BPMET</subfield>
    <subfield code="d">2016-06-06</subfield>
    <subfield code="e">Donado por Maritza B&#xE1;ez</subfield>
    <subfield code="l">0</subfield>
    <subfield code="o">R 463 D545l, 2001</subfield>
    <subfield code="p">BPMSU16060051</subfield>
    <subfield code="r">2016-06-06</subfield>
    <subfield code="t">v. 2</subfield>
    <subfield code="w">2016-06-06</subfield>
    <subfield code="y">BK</subfield>
  </datafield>
  <datafield tag="952" ind1=" " ind2=" ">
    <subfield code="0">0</subfield>
    <subfield code="1">0</subfield>
    <subfield code="2">ddc</subfield>
    <subfield code="4">0</subfield>
    <subfield code="7">0</subfield>
    <subfield code="8">CR-G</subfield>
    <subfield code="a">BPMET</subfield>
    <subfield code="b">BPMET</subfield>
    <subfield code="d">2016-06-06</subfield>
    <subfield code="e">Donado por Maritza B&#xE1;ez</subfield>
    <subfield code="l">0</subfield>
    <subfield code="o">R 463 D545l, 2001</subfield>
    <subfield code="p">BPMSU16060053</subfield>
    <subfield code="r">2016-06-06</subfield>
    <subfield code="t">v. 3</subfield>
    <subfield code="w">2016-06-06</subfield>
    <subfield code="y">BK</subfield>
  </datafield>
  <datafield tag="952" ind1=" " ind2=" ">
    <subfield code="0">0</subfield>
    <subfield code="1">0</subfield>
    <subfield code="2">ddc</subfield>
    <subfield code="4">0</subfield>
    <subfield code="7">0</subfield>
    <subfield code="8">CR-G</subfield>
    <subfield code="a">BPMET</subfield>
    <subfield code="b">BPMET</subfield>
    <subfield code="d">2016-06-06</subfield>
    <subfield code="e">Donado por Maritza B&#xE1;ez</subfield>
    <subfield code="l">0</subfield>
    <subfield code="o">R 463 D545l, 2001</subfield>
    <subfield code="p">BPMSU16060054</subfield>
    <subfield code="r">2016-06-06</subfield>
    <subfield code="t">v. 4</subfield>
    <subfield code="w">2016-06-06</subfield>
    <subfield code="y">BK</subfield>
  </datafield>
  <datafield tag="952" ind1=" " ind2=" ">
    <subfield code="0">0</subfield>
    <subfield code="1">0</subfield>
    <subfield code="2">ddc</subfield>
    <subfield code="4">0</subfield>
    <subfield code="7">0</subfield>
    <subfield code="8">CR-G</subfield>
    <subfield code="a">BPMET</subfield>
    <subfield code="b">BPMET</subfield>
    <subfield code="d">2016-06-06</subfield>
    <subfield code="e">Donado por Maritza B&#xE1;ez</subfield>
    <subfield code="l">0</subfield>
    <subfield code="o">R 463 D545l, 2001</subfield>
    <subfield code="p">BPMSU16060055</subfield>
    <subfield code="r">2016-06-06</subfield>
    <subfield code="t">v. 5</subfield>
    <subfield code="w">2016-06-06</subfield>
    <subfield code="y">BK</subfield>
  </datafield>
  <datafield tag="952" ind1=" " ind2=" ">
    <subfield code="0">0</subfield>
    <subfield code="1">0</subfield>
    <subfield code="2">ddc</subfield>
    <subfield code="4">0</subfield>
    <subfield code="7">0</subfield>
    <subfield code="8">CR-G</subfield>
    <subfield code="a">BPMET</subfield>
    <subfield code="b">BPMET</subfield>
    <subfield code="d">2016-06-06</subfield>
    <subfield code="e">Donado por Maritza B&#xE1;ez</subfield>
    <subfield code="l">0</subfield>
    <subfield code="o">R 463 D545l, 2001</subfield>
    <subfield code="p">BPMSU16060056</subfield>
    <subfield code="r">2016-06-06</subfield>
    <subfield code="t">v. 6</subfield>
    <subfield code="w">2016-06-06</subfield>
    <subfield code="y">BK</subfield>
  </datafield>
  <datafield tag="952" ind1=" " ind2=" ">
    <subfield code="0">0</subfield>
    <subfield code="1">0</subfield>
    <subfield code="2">ddc</subfield>
    <subfield code="4">0</subfield>
    <subfield code="7">0</subfield>
    <subfield code="8">CR-G</subfield>
    <subfield code="a">BPMET</subfield>
    <subfield code="b">BPMET</subfield>
    <subfield code="d">2016-06-06</subfield>
    <subfield code="e">Donado por Maritza B&#xE1;ez</subfield>
    <subfield code="l">0</subfield>
    <subfield code="o">R 463 D545l, 2001</subfield>
    <subfield code="p">BPMSU16060057</subfield>
    <subfield code="r">2016-06-06</subfield>
    <subfield code="t">v. 10</subfield>
    <subfield code="w">2016-06-06</subfield>
    <subfield code="y">BK</subfield>
  </datafield>
  <datafield tag="952" ind1=" " ind2=" ">
    <subfield code="0">0</subfield>
    <subfield code="1">0</subfield>
    <subfield code="2">ddc</subfield>
    <subfield code="4">0</subfield>
    <subfield code="7">0</subfield>
    <subfield code="8">CR-G</subfield>
    <subfield code="a">BPMET</subfield>
    <subfield code="b">BPMET</subfield>
    <subfield code="d">2016-06-06</subfield>
    <subfield code="e">Donado por Maritza B&#xE1;ez</subfield>
    <subfield code="l">0</subfield>
    <subfield code="o">R 463 D545l, 2001</subfield>
    <subfield code="p">BPMSU16060058</subfield>
    <subfield code="r">2016-06-06</subfield>
    <subfield code="t">v. 7 </subfield>
    <subfield code="w">2016-06-06</subfield>
    <subfield code="y">BK</subfield>
  </datafield>
  <datafield tag="952" ind1=" " ind2=" ">
    <subfield code="0">0</subfield>
    <subfield code="1">0</subfield>
    <subfield code="2">ddc</subfield>
    <subfield code="4">0</subfield>
    <subfield code="7">0</subfield>
    <subfield code="8">CR-G</subfield>
    <subfield code="a">BPMET</subfield>
    <subfield code="b">BPMET</subfield>
    <subfield code="d">2016-06-06</subfield>
    <subfield code="e">Donado por Maritza B&#xE1;ez</subfield>
    <subfield code="l">0</subfield>
    <subfield code="o">R 463 D545l, 2001</subfield>
    <subfield code="p">BPMSU16060059</subfield>
    <subfield code="r">2016-06-06</subfield>
    <subfield code="t">v. 8</subfield>
    <subfield code="w">2016-06-06</subfield>
    <subfield code="y">BK</subfield>
  </datafield>
  <datafield tag="952" ind1=" " ind2=" ">
    <subfield code="0">0</subfield>
    <subfield code="1">0</subfield>
    <subfield code="2">ddc</subfield>
    <subfield code="4">0</subfield>
    <subfield code="7">0</subfield>
    <subfield code="8">CR-G</subfield>
    <subfield code="a">BPMET</subfield>
    <subfield code="b">BPMET</subfield>
    <subfield code="d">2016-06-06</subfield>
    <subfield code="e">Donado por Maritza B&#xE1;ez</subfield>
    <subfield code="l">0</subfield>
    <subfield code="o">R 463 D545l, 2001</subfield>
    <subfield code="p">BPMSU16060060</subfield>
    <subfield code="r">2016-06-06</subfield>
    <subfield code="t">v. 9</subfield>
    <subfield code="w">2016-06-06</subfield>
    <subfield code="y">BK</subfield>
  </datafield>
  <datafield tag="956" ind1=" " ind2=" ">
    <subfield code="a">VMATEO</subfield>
    <subfield code="b">10</subfield>
    <subfield code="c">20160606</subfield>
    <subfield code="l">BPMSU</subfield>
    <subfield code="h">0069</subfield>
  </datafield>
  <datafield tag="999" ind1=" " ind2=" ">
    <subfield code="c">10273</subfield>
    <subfield code="d">10273</subfield>
  </datafield>
</record>
